Twi-English/English Twi dictionary (Record no. 123883)
[ view plain ]
| 000 -LEADER | |
|---|---|
| fixed length control field | 00502nam a22001577a 4500 |
| 008 - FIXED-LENGTH DATA ELEMENTS--GENERAL INFORMATION | |
| fixed length control field | 151215b xxu||||| |||| 00| 0 eng d |
| 020 ## - INTERNATIONAL STANDARD BOOK NUMBER | |
| International Standard Book Number | 0781802644 |
| 050 ## - LIBRARY OF CONGRESS CALL NUMBER | |
| Classification number | PL8751.4.K67 1996 |
| 100 ## - MAIN ENTRY--PERSONAL NAME | |
| Personal name | Kotey, Paul A |
| 9 (RLIN) | 21328 |
| 245 ## - TITLE STATEMENT | |
| Title | Twi-English/English Twi dictionary |
| Statement of responsibility, etc | / Paul A Kotey |
| 260 ## - PUBLICATION, DISTRIBUTION, ETC. (IMPRINT) | |
| Place of publication, distribution, etc | New York |
| Name of publisher, distributor, etc | Hippocrene Books |
| Date of publication, distribution, etc | 1996 |
| 300 ## - PHYSICAL DESCRIPTION | |
| Extent | 332p. |
| Dimensions | 160p. |
| 650 ## - SUBJECT ADDED ENTRY--TOPICAL TERM | |
| Topical term or geographic name as entry element | Twi language |
| General subdivision | Dictionaries |
| -- | English |
| 9 (RLIN) | 21329 |
| 650 ## - SUBJECT ADDED ENTRY--TOPICAL TERM | |
| Topical term or geographic name as entry element | English language |
| General subdivision | Dictionaries |
| -- | Twi |
| 9 (RLIN) | 21330 |
| 942 ## - ADDED ENTRY ELEMENTS (KOHA) | |
| Source of classification or shelving scheme | Library of Congress Classification |
| Item type | Monograph ( Printed materials) |
| Withdrawn status | Lost status | Source of classification or shelving scheme | Damaged status | Not for loan | Home library | Current library | Date acquired | Total Checkouts | Full call number | Barcode | Date last seen | Date last borrowed | Price effective from | Koha item type |
|---|---|---|---|---|---|---|---|---|---|---|---|---|---|---|
| Library of Congress Classification | ARRUPE LIBRARY | ARRUPE LIBRARY | 15/12/2015 | 1 | PL8751.4.K67 1996 | 46500005676 | 27/03/2019 | 11/01/2016 | 15/12/2015 | Monograph ( Printed materials) |